| 000 | 00445pab a2200169 454500 | ||
|---|---|---|---|
| 008 | 180718b1998 xxu||||| |||| 00| 0 eng d | ||
| 100 | _aArora, Guljit K. | ||
| 245 | _aHigher education as a demerit good: a misconceived move | ||
| 260 | _c1998 | ||
| 300 | _ap.66-90,74 | ||
| 362 | _a15 Jun | ||
| 650 | _aEducation - India | ||
| 650 | _aHigher education - India | ||
| 650 | _aHigher education | ||
| 773 | _aUniversity News | ||
| 909 | _a37800 | ||
| 999 |
_c37800 _d37800 |
||